000 00534nam a2200145 i 4500
001 45019
003 ES-MaACL
005 20230906161133.0
007 t|
008 030324s1911 mx ||||1| spa d
245 0 0 _aCodificación de los Decretos del C. Venustiano Carranza, primer jefe del ejército constitucional encargado del Poder Ejecutivo de la Unión.
260 _aMéxico :
_b[s.n.],
_c1911 (
_fImprenta de la Secretaría de Gobernación)
651 4 _aMéxico-
_xHistoria constitucional.
_9157433
852 _aES-MaACL
_j1509-F-4
999 _c45019
_d45019